| 000 | 00342nam a2200121Ia 4500 | ||
|---|---|---|---|
| 008 | 210430s9999 xx 000 0 und d | ||
| 082 | _a620.1923 A4161 H | ||
| 100 | _aW.S.Allen/ P.N.Baker | ||
| 245 |
_aHandbook of Plastic Technology vol 1 _cW.S.Allen/ P.N.Baker |
||
| 260 |
_aIndia _bVinod K.Jain _c2006 |
||
| 300 | _a649p | ||
| 942 |
_cBK _2ddc |
||
| 999 |
_c564709 _d564709 |
||